000 00695nam a2200205Ii 4500
003 JO-AjNU
008 230605s9999||||xx |||||||||||||| ||und||
040 _aJO-AjNU
_bara
_erda
_cJO-AjNU
041 _aara
050 1 4 _aGV995 1997
100 3 _aاعداد سليم، سمير,
_eauthor
_97758
245 0 0 _aالطريق للعالمية في تنس الطاولة، الجزء الأول
250 _aط1
264 3 1 _aالمنصورة: مكتبة الايمان، 1997
300 _aج1 ، 195ص
_bصور توضيحية
336 _atext
_btxt
_2rdacontent
337 _aunmediated
_bn
_2rdamedia
338 _avolume
_bnc
_2rdacarrier
650 4 _aتنس الطاولة - رياضة
_97759
999 _aA442
_c4010
_d4010